00461cam a2200181ua 450000100040000000500170000400800390002102000180006004000090007808200130008724500390010025000090013926000370014830000210018565300220020665300230022870000280025146720260515113153.0110406n xxk |||gr||||Z||||||eng a0-8093-1073-2 cMAIN a324.20921 aMarx as politiciancby David Felix a1st. aAmerica:bSouthern illinois,983. axi, 308p:c25cm. aPolitical science aMarx as politician aFleix, David.,eAuthor.